Productos básicos: dependencia y subdesarrollo: el problema bananero

Gespeichert in:
Bibliographische Detailangaben
1. Verfasser: Vallejo Mejía, Hernán
Format: Text
Veröffentlicht: Bogotá: Tercer Mundo
Tags: Tag hinzufügen
Keine Tags, Fügen Sie den ersten Tag hinzu!

MARC

LEADER 00000 a a2200000 04500
001 23828
003
040
090 |a 164100  
100 |a Vallejo Mejía, Hernán  
245 |a Productos básicos: dependencia y subdesarrollo: el problema bananero  
260 |a Bogotá:   |b Tercer Mundo  
300 |a 295 p.  
999 |c 12274  |d 12274